| 000 | 01922cam a2200409 a 4500 | ||
|---|---|---|---|
| 001 | afrobetsbookofsh00brow | ||
| 003 | CaSfIA | ||
| 005 | 20210117182309.0 | ||
| 007 | cr|||| | ||
| 008 | 911004s1991 njua j 000 0 eng | ||
| 010 | _a 91076334 | ||
| 040 |
_aDLC _cDLC _dSGR _dSPP _dOCL _dBTCTA _dYDXCP _dCaSfIA |
||
| 020 | _a0940975297 | ||
| 020 | _a9780940975293 | ||
| 035 | _a(OCoLC)25043888 | ||
| 050 | 0 | 0 |
_aQA445.5 _b.B76 1991 |
| 082 | 0 | 4 |
_a516.2 _220 |
| 100 | 1 | _aBrown, Margery W. | |
| 245 | 1 | 0 |
_aAfro-Bets book of shapes / _h[electronic resource] _cby Margery W. Brown ; illustrations by Culverson Blair. |
| 250 | _a1st ed. | ||
| 260 |
_aOrange, NJ : _bJust Us Books, _cc1991. |
||
| 300 |
_a1 v. (unpaged) : _bill. (some col.) ; _c21 cm. |
||
| 520 | _aThe Afro-bets kids help children to learn the difference between several shapes: circles, squares, hearts, rectangles, triangles, and diamonds. | ||
| 650 | 0 |
_aGeometry _vJuvenile literature. |
|
| 650 | 1 | _aShape. | |
| 650 | 1 | _aGeometry. | |
| 700 | 1 | _aBlair, Culverson. | |
| 740 | 0 | 1 | _aBook of shapes. |
| 776 | 0 | 8 |
_iOnline version: _aBrown, Margery W. _tAfro-Bets book of shapes. _b1st ed. _dOrange, NJ : Just Us Books, c1991 _w(OCoLC)643826442 |
| 856 | 4 | 1 |
_uhttp://www.archive.org/details/afrobetsbookofsh00brow _zFree eBook from the Internet Archive |
| 856 | 4 | 2 |
_uhttp://www.openlibrary.org/books/OL1576359M _zAdditional information and access via Open Library |
| 029 | 1 |
_aYDXCP _b1127711 |
|
| 999 |
_c466086 _d466086 |
||
| 942 | _cEB | ||
| 506 | _fНеобхідна авторизація на https://archive.org/ (створення облікового запису безкоштовно) | ||
| 506 | _fНеобхідна авторизація на https://openlibrary.org/ (створення облікового запису безкоштовно) | ||